| 000 | 00459nam a2200157Ia 4500 | ||
|---|---|---|---|
| 005 | 20250306031838.0 | ||
| 008 | 240331s9999 xx 000 0 und d | ||
| 020 | _a9789380240152 | ||
| 082 |
_bJES _26640920 |
||
| 100 | _aJesme,S | ||
| 245 | 0 |
_aAamen: _bOru Kannikasthrien Than Varalaru |
|
| 260 |
_aNagercoil _bKalachuvadu Pathippagam _c2010 |
||
| 300 | _a224 p., | ||
| 500 | _aThe author, a religious nun, writes about the life in the Monastery. | ||
| 942 | _cL | ||
| 999 |
_c5660 _d5660 |
||